AH International Schools' Libraries

Kimlang cannot see, yet...(KHMER) / (Record no. 48922)

MARC details
000 -LEADER
fixed length control field 00329nam a2200121 4500
020 ## - INTERNATIONAL STANDARD BOOK NUMBER
International Standard Book Number 9789924340065
100 ## - MAIN ENTRY--PERSONAL NAME
Personal name Geystelen, Judit van
9 (RLIN) 86312
245 ## - TITLE STATEMENT
Title Kimlang cannot see, yet...(KHMER) /
Statement of responsibility, etc Judit van Geystelen
260 ## - PUBLICATION, DISTRIBUTION, ETC. (IMPRINT)
Place of publication, distribution, etc Cambodia
Name of publisher, distributor, etc Sipar
Date of publication, distribution, etc 2024
300 ## - PHYSICAL DESCRIPTION
Extent 32 p.
Other physical details col. ill.
Dimensions 18 cm.
650 ## - SUBJECT ADDED ENTRY--TOPICAL TERM
Topical term or geographic name as entry element Blind
942 ## - ADDED ENTRY ELEMENTS (KOHA)
Source of classification or shelving scheme
Koha item type Book
Holdings
Withdrawn status Lost status Source of classification or shelving scheme Damaged status Not for loan Collection code Home library Current library Date acquired Total Checkouts Full call number Barcode Date last seen Date checked out Price effective from Koha item type
          Siem Riep Asian Hope Primary Library Asian Hope Primary Library 05/13/2025 15 KHMER 362.420 92 GEY 208873 04/07/2026 03/31/2026 05/13/2025 Book

For any Logos Library related questions please contact Miss Art at swongnarasuk@asianhope.org.

For any Asian Hope Library related questions please contact Miss Raza at graza@asianhope.org.

Click here to explore our ebooks!

Powered by Koha